| 000 | 00594nam a2200241 a 4500 | ||
|---|---|---|---|
| 001 | nice12345678 | ||
| 003 | IN_TiNIC | ||
| 005 | 20260116011825.0 | ||
| 008 | 050524s0000 chea grp 000 0 urd | ||
| 020 |
_a _c100 |
||
| 082 | 0 | 0 |
_a922.97 _bIQB4 |
| 100 | _aIqbal, Mohammad | ||
| 245 | _aBaang-E-Dara, Collection of the Urdu Poems | ||
| 260 |
_aChennai _bLilly Soosai Opset _c0000 |
||
| 300 | _a366p | ||
| 500 | _aincludes index and biblioraphy | ||
| 505 | 2 | _aMaps | |
| 650 | _aUrdu-Poetry-iqbal | ||
| 700 | 1 | _aIqbal, Mohammad | |
| 902 | _bSRS | ||
| 942 | _cBK | ||
| 999 |
_c4224 _d4224 |
||